000 01309nam a2200349 i 4500
001 195729
003 SpMaBN
005 20250408063101.0
008 241215s2007 sp | |||| 00 0 spa
017 _aM 35657-2007
_bOficina Depósito Legal Madrid
020 _a9788487857492
035 _a(OCoLC)433614984
035 _aa3287348
040 _aSpMaBN
_bspa
_cSpMaBN
_erdc
_dES-MaACL
080 _a821.134.2-14"19"
100 1 _aOrtega Isla, Miguel,
_d1929-
_0XX905867
_eaut
_9141868
245 1 0 _aIdeas manifiestas, V Premio de Poesía "Marina Romero" /
_cMiguel Ortega Isla.
250 _a1ª ed.
260 _aMadrid :
_bAsociación de Escritores y Artistas Españoles,
_c2007.
300 _a76 p. :
_c20 cm.
336 _2rdacontent
_atexto
337 _2rdamedia
_asin mediación
338 _2rdacarrier
_avolumen
490 1 _aColección Julio Nombela ;
_v48
655 7 _2tgfbne
_9176539
_aPoesías
830 _aColección Julio Nombela ;
_v48
_9181230
852 _aES-MaACL
_bR.153483
_cDEPOJ
_jN-8735
_hDonación: Editorial
_xEncuadernación rústica
_9204489
942 _cMONOGRAFIA
_n0
954 _iTatiana Alejandra de Castro Pérez
999 _c195729
_d195729